| 000 | 01523nam a2200337 a 4500 | ||
|---|---|---|---|
| 999 |
_c133852 _d133852 |
||
| 003 | BLK | ||
| 005 | 20241114005503.0 | ||
| 008 | 180409b bul|||||r ||||||| ||bul|| | ||
| 010 | _aKNG00139753000 | ||
| 040 | _aBLK | ||
| 041 |
_aBUL _cBUL |
||
| 080 |
_aБългарска литература _b821.163.2 _x-93-1 _z821.163.2-93-1 |
||
| 100 |
_aГабе, Дора Петрова _gПоетеса и писателка. Преводачка от полски език. _d1886-1983 _qГабе, Изидора Петрова _9369524 |
||
| 139 |
_aГабе, Дора Петрова _bГ 13 |
||
| 245 | 1 | 0 |
_aОт слон до мравка _bСтихове за деца _cДора Габе; худож. Илия Бешков; Илия Бешков Дунов. |
| 250 | _a2. изд. | ||
| 257 | _aBGR | ||
| 260 |
_bБълг. художник _c1975 _aСофия |
||
| 300 |
_a40 с. _bс ил. _c30 см |
||
| 380 | _aDX | ||
| 500 | _a1. изд. 1955. - 100 120 тир. - Пълното име на худож. Илия Бушков Дунов. | ||
| 700 |
_aБешков, Илия _gХудожник, карикатурист, илюстратор _d1901-1958 _qДунов, Илия Бешков _9364385 |
||
| 700 | 1 |
_aДунов, Илия Бешков _e* _9318077 |
|
| 852 | _aЦб ІІ 17570 | ||
| 856 | 4 | _qpdf | |
| 856 | 4 | _qpdf | |
| 942 |
_cKNG _n0 _s1 |
||
| 944 |
_aCR _c19.02.2013 _lCRON CRON _k |
||
| 944 |
_aED _c14.09.2017 _l19.02.2013 - от С1,Р / 19.02.2013 _kЕлица_Владова |
||
| 999 | _d133852 | ||